| 000 | 01792nam a2200349 c 4500 | ||
|---|---|---|---|
| 003 | BLK | ||
| 005 | 20210210155828.0 | ||
| 008 | 180411b bul|||||r ||||||| ||bul|| | ||
| 010 | _aKNG00198511000 | ||
| 020 |
_a978-619-7367-01-0 _bиздат.: Бестселър България - на том(т. 2) |
||
| 040 | _aBLK | ||
| 041 |
_aBUL _cBUL |
||
| 072 | 7 |
_2bullib _aН84 _xБългарска художествена литература Н |
|
| 080 |
_aБългарска литература _b821.163.2 _x-4 _z821.163.2-4 |
||
| 100 | 1 |
_aИванов, Пламен Ангелов _eпърви автор _9340293 |
|
| 139 |
_aИванов, Пламен Ангелов _bИ 21 |
||
| 245 | 1 | 0 |
_aИмперията на времето _b23 разкази и есета или постмодерен роман във формата на пъзел : Т. 1 - За том: Хроника на една предизвестена война _cПламен Ангелов Иванов. _nТ. 2 _pТретият Рим и Третата световна |
| 250 | _aНово изд. | ||
| 257 | _aBGR | ||
| 260 |
_аСофия _c2016 - |
||
| 300 | _c21 см | ||
| 380 | _aX | ||
| 653 | _aесета | ||
| 653 | _aразкази | ||
| 659 | _aН | ||
| 760 | 1 |
_3- на том(т. 2) _aИванов, Пламен Ангелов _bНово изд. _dБестселър България, 2016 _gЧ. 1. _h296 с. : с ил. _n1. изд. 2012 без сведение за изд. ; библиогр. каре означено 2. изд. _tТ. 2 Третият Рим и Третата световна |
|
| 852 | _aЦб 283690 | ||
| 856 | 4 |
_qpdf _u |
|
| 856 | 4 |
_qpdf _u |
|
| 942 |
_cKNG _n0 _02 |
||
| 944 |
_aCR _c17.12.2016 _lф / _kВиолета_Тройчева |
||
| 944 |
_aED _c25.10.2017 _lф / _kПенка_Димитрова |
||
| 999 |
_c189468 _d189468 |
||